[Event "Heart of Finland op 30th"]
[Site "Jyvaskyla"]
[Date "2022.07.24"]
[Round "9"]
[White "Keinanen, Toivo"]
[Black "Kivimaki, Kasper"]
[Result "1-0"]
[WhiteElo "2477"]
[BlackElo "2043"]
[PlyCount "67"]
[EventDate "2022.07.18"]
[EventType "swiss"]
[EventRounds "9"]
[EventCountry "FIN"]
[SourceTitle "CBM 209 Extra"]
[Source "ChessBase"]
[SourceDate "2022.09.30"]
[SourceVersion "1"]
[SourceVersionDate "2022.09.30"]
[SourceQuality "1"]

1. d4 d5 2. c4 c6 3. Nf3 Nf6 4. Nbd2 e6 5. g3 Bd6 6. Bg2 0-0 7. 0-0 Nbd7 8. Qc2 e5 9. cxd5 cxd5 10. dxe5 Nxe5 11. Nxe5 Bxe5 12. Nf3 Qc7 13. Qb3 b6 14. Bd2 Bd6 15. Bg5 Ne4 16. Qxd5 Bb7 17. Qd3 Rac8 18. Rac1 Qb8 19. Rxc8 Rxc8 20. Rd1 Bc5 21. Be3 Be7 22. Nd4 Qa8 23. Nf5 Bf8 24. Bf3 Re8 25. Qd7 Bc6 26. Qc7 Bd5 27. Qc2 Bb7 28. Rd4 Bc5 29. Rd7 Qc8 30. Rxb7 Qxb7 31. Bxc5 bxc5 32. Nd6 Nxd6 33. Bxb7 Nxb7 34. Qa4 1-0

[Event "Prague Golden Rapid op 17th"]
[Site "Prague"]
[Date "2022.07.09"]
[Round "4"]
[White "Kivimaki, Kasper"]
[Black "Ptacnikova, Lenka"]
[Result "0-1"]
[WhiteElo "1847"]
[BlackElo "2111"]
[PlyCount "90"]
[EventDate "2022.07.09"]
[EventType "swiss (rapid)"]
[EventRounds "7"]
[EventCountry "CZE"]
[SourceTitle "CBM 209 Extra"]
[Source "ChessBase"]
[SourceDate "2022.09.30"]
[SourceVersion "1"]
[SourceVersionDate "2022.09.30"]
[SourceQuality "1"]

1. e4 c5 2. Nf3 e6 3. d4 cxd4 4. Nxd4 Nf6 5. Nc3 Nc6 6. Ndb5 Bb4 7. a3 Bxc3+ 8. Nxc3 d5 9. Bd3 0-0 10. 0-0 d4 11. Ne2 e5 12. Bd2 Be6 13. Ng3 Rc8 14. b3 Nd7 15. f4 exf4 16. Bxf4 Nde5 17. Be2 Qb6 18. Kh1 Rfd8 19. Nf5 Rd7 20. Qe1 Ng6 21. Bg3 Nce5 22. Bd1 d3 23. cxd3 Nxd3 24. Qe2 Bxb3 25. Bxb3 Qxb3 26. Rab1 Qxa3 27. Rfd1 Rcd8 28. h3 h6 29. Kh2 b6 30. Qe3 Qc5 31. Qf3 Nde5 32. Qe2 Qc4 33. Qe1 Rxd1 34. Rxd1 Rxd1 35. Qxd1 Qxe4 36. Qd8+ Kh7 37. Nd6 Qd5 38. Qc7 b5 39. Qb8 a6 40. Qb6 b4 41. Nb7 b3 42. Nc5 Nc4 43. Qb4 a5 44. Qb5 b2 45. Bf2 Qd3 0-1

[Event "Prague Golden Rapid op 17th"]
[Site "Prague"]
[Date "2022.07.09"]
[Round "5"]
[White "Zvacek, Antonin"]
[Black "Kivimaki, Kasper"]
[Result "0-1"]
[WhiteElo "1776"]
[BlackElo "1847"]
[PlyCount "76"]
[EventDate "2022.07.09"]
[EventType "swiss (rapid)"]
[EventRounds "7"]
[EventCountry "CZE"]
[SourceTitle "CBM 209 Extra"]
[Source "ChessBase"]
[SourceDate "2022.09.30"]
[SourceVersion "1"]
[SourceVersionDate "2022.09.30"]
[SourceQuality "1"]

1. c4 b6 2. d4 Bb7 3. Nc3 e6 4. e4 Bb4 5. Bd3 Bxc3+ 6. bxc3 d5 7. cxd5 exd5 8. e5 Ne7 9. Bg5 Qd7 10. Nh3 h6 11. Bd2 Ba6 12. Bxa6 Nxa6 13. Qe2 b5 14. 0-0 c6 15. f4 Nc7 16. Bc1 0-0 17. Ba3 Rfe8 18. Bxe7 Qxe7 19. f5 f6 20. e6 b4 21. Rac1 bxc3 22. Rxc3 Nb5 23. Rd3 c5 24. dxc5 Qxc5+ 25. Kh1 Nc3 26. Qg4 Ne4 27. Qh5 Re7 28. Rfd1 Rb8 29. Qe2 Rd8 30. Qxe4 dxe4 31. Rxd8+ Kh7 32. R8d5 Qc2 33. R5d2 Qa4 34. Nf4 e3 35. Rd8 Qxf4 36. g3 Qf3+ 37. Kg1 Qf2+ 38. Kh1 e2 0-1

[Event "Heart of Finland op 29th"]
[Site "Jyvaskyla"]
[Date "2019.07.18"]
[Round "5"]
[White "Kivimaki, Kasper"]
[Black "Keso, Elias"]
[Result "1/2-1/2"]
[WhiteElo "1986"]
[BlackElo "2186"]
[PlyCount "60"]
[EventDate "2019.07.15"]
[EventType "swiss"]
[EventRounds "9"]
[EventCountry "FIN"]
[SourceTitle "CBM 191 Extra"]
[Source "ChessBase"]
[SourceDate "2019.09.30"]
[SourceVersion "1"]
[SourceVersionDate "2019.09.30"]
[SourceQuality "1"]

1. e4 c5 2. Nf3 Nc6 3. d4 cxd4 4. Nxd4 Qb6 5. Nb3 Nf6 6. Nc3 e6 7. Bd3 a6 8. 0-0 Be7 9. Be3 Qc7 10. f4 d6 11. Qf3 Rb8 12. a3 b5 13. g4 0-0 14. Ne2 Re8 15. Rae1 Bf8 16. Rf2 b4 17. Ned4 bxa3 18. Nxc6 Qxc6 19. bxa3 d5 20. exd5 Qxd5 21. Qxd5 exd5 22. h3 Bxa3 23. Rfe2 Ra8 24. Bc5 Rxe2 25. Rxe2 Bxc5+ 26. Nxc5 Kf8 27. Kf2 h6 28. Ke3 Ke7 29. Kd4+ Kd6 30. c4 Nd7 1/2-1/2

[Event "Salo SalSK op"]
[Site "Salo"]
[Date "2019.02.17"]
[Round "5"]
[White "Kuznetsov, Felix"]
[Black "Kivimaki, Kasper"]
[Result "1/2-1/2"]
[WhiteElo "2338"]
[BlackElo "2048"]
[PlyCount "21"]
[EventDate "2019.02.15"]
[EventType "swiss"]
[EventRounds "5"]
[EventCountry "FIN"]
[SourceTitle "EXT 2021"]
[Source "ChessBase"]
[SourceDate "2020.10.23"]
[SourceVersion "1"]
[SourceVersionDate "2020.10.23"]
[SourceQuality "1"]

1. e4 c6 2. d4 d5 3. exd5 cxd5 4. Bd3 Nc6 5. c3 Nf6 6. Bf4 Bg4 7. Qb3 Na5 8. Qa4+ Bd7 9. Qc2 Qb6 10. a4 Qb3 11. Nd2 1/2-1/2

[Event "Helsinki KapSK op"]
[Site "Helsinki"]
[Date "2018.11.03"]
[Round "2"]
[White "Ertbjerg, Per"]
[Black "Kivimaki, Kasper"]
[Result "0-1"]
[WhiteElo "2102"]
[BlackElo "2024"]
[PlyCount "98"]
[EventDate "2018.11.02"]
[EventType "swiss"]
[EventRounds "5"]
[EventCountry "FIN"]
[SourceTitle "EXT 2021"]
[Source "ChessBase"]
[SourceDate "2020.10.23"]
[SourceVersion "1"]
[SourceVersionDate "2020.10.23"]
[SourceQuality "1"]

1. d4 Nf6 2. c4 c5 3. d5 e5 4. Nc3 d6 5. e4 Be7 6. Bd3 Nbd7 7. Nge2 Nf8 8. 0-0 Ng6 9. a3 h5 10. b4 b6 11. bxc5 bxc5 12. Rb1 h4 13. Qa4+ Bd7 14. Qa6 Bc8 15. Qc6+ Bd7 16. Qb7 0-0 17. Nb5 Qa5 18. Qc7 Qa6 19. Bd2 Bd8 20. Qxd6 Bxb5 21. Qxc5 Bd7 22. Qe3 Nh7 23. c5 Qc8 24. c6 Bxc6 25. dxc6 Bg5 26. f4 Nxf4 27. Bb4 Nd5 28. Qf3 Nxb4 29. Rxb4 Qxc6 30. Bc4 Nf6 31. Kh1 Rad8 32. Nc3 Bd2 33. Nd5 Bxb4 34. Nxf6+ Qxf6 35. Qb3 Qg6 36. axb4 Rd2 37. Qf3 Rd4 38. Bd5 Rxb4 39. Qc3 Rd4 40. Qa5 h3 41. gxh3 a6 42. Qa2 Qh5 43. Qg2 Rd1 44. Bc4 Rxf1+ 45. Qxf1 Rd8 46. Be2 Qg6 47. Qf3 Qf6 48. Qc3 Qf4 49. Qc7 Qxe4+ 0-1

[Event "Lahti We LahS A"]
[Site "Lahti"]
[Date "2018.08.18"]
[Round "2"]
[White "Aijala, Jouko"]
[Black "Kivimaki, Kasper"]
[Result "0-1"]
[WhiteElo "2076"]
[BlackElo "1895"]
[PlyCount "104"]
[EventDate "2018.08.18"]
[EventType "swiss"]
[EventRounds "4"]
[EventCountry "FIN"]
[SourceTitle "EXT 2022"]
[Source "ChessBase"]
[SourceDate "2021.10.06"]
[SourceVersion "1"]
[SourceVersionDate "2021.10.06"]
[SourceQuality "1"]

1. e4 c6 2. d4 d5 3. exd5 cxd5 4. c4 Nf6 5. Nc3 Nc6 6. Bg5 Be6 7. g3 Qb6 8. c5 Qxb2 9. Rc1 Qb4 10. Bb5 Ne4 11. Bd2 Qxd4 12. Be3 Qxd1+ 13. Nxd1 Bd7 14. f3 Nf6 15. Ne2 e6 16. Kf2 Be7 17. Nb2 0-0 18. Bd3 Ne5 19. Bb1 Bc6 20. Nd4 Nfd7 21. h3 Rfc8 22. f4 Nc4 23. Nxc6 Rxc6 24. Nxc4 dxc4 25. Be4 Rc7 26. c6 Nf6 27. Bf3 bxc6 28. Rxc4 Nd5 29. Rhc1 Nb4 30. Ke2 Nxa2 31. Rb1 a5 32. Ra1 Nb4 33. Bd2 Raa7 34. Bxb4 Bxb4 35. Rxc6 Rxc6 36. Bxc6 Rc7 37. Bb5 Rc2+ 38. Kf3 Rc3+ 39. Kf2 Bc5+ 40. Kg2 Rc2+ 41. Kf3 Rf2+ 42. Ke4 Bb4 43. Rd1 Kf8 44. Rd7 Rh2 45. h4 Rc2 46. Ra7 h5 47. Kf3 Ra2 48. f5 exf5 49. Bc4 Rf2+ 50. Kxf2 Bc5+ 51. Kf3 Bxa7 52. Kf4 g6 0-1

[Event "FIN-ch U20"]
[Site "Valkeakoski"]
[Date "2018.06.08"]
[Round "3"]
[White "Kivimaki, Kasper"]
[Black "Valkama, Eero"]
[Result "0-1"]
[WhiteElo "1807"]
[BlackElo "2252"]
[PlyCount "68"]
[EventDate "2018.06.07"]
[EventType "tourn"]
[EventRounds "7"]
[EventCountry "FIN"]
[SourceTitle "EXT 2022"]
[Source "ChessBase"]
[SourceDate "2021.10.06"]
[SourceVersion "1"]
[SourceVersionDate "2021.10.06"]
[SourceQuality "1"]

1. e4 e5 2. Nf3 Nc6 3. Bb5 a6 4. Ba4 Nf6 5. 0-0 Be7 6. Re1 b5 7. Bb3 d6 8. c3 0-0 9. h3 Nb8 10. d3 c5 11. Nbd2 Bb7 12. Nf1 h6 13. Ne3 Re8 14. Nh2 Bf8 15. Nhg4 Nbd7 16. a4 c4 17. dxc4 bxc4 18. Nxc4 Nxe4 19. Bc2 d5 20. Bxe4 dxe4 21. Nd6 Bxd6 22. Qxd6 Re6 23. Qd1 f5 24. Nh2 Kh8 25. c4 Qc7 26. Qc2 Nc5 27. Rd1 Nd3 28. b3 Qc6 29. f3 Qc5+ 30. Kf1 exf3 31. Nxf3 Bxf3 32. gxf3 Rg6 33. Qh2 e4 34. Ba3 Qe3 0-1

[Event "FIN-ch U20"]
[Site "Valkeakoski"]
[Date "2018.06.07"]
[Round "1"]
[White "Kivimaki, Kasper"]
[Black "Tumanov, Dmitri"]
[Result "0-1"]
[WhiteElo "1807"]
[BlackElo "2135"]
[PlyCount "60"]
[EventDate "2018.06.07"]
[EventType "tourn"]
[EventRounds "7"]
[EventCountry "FIN"]
[SourceTitle "EXT 2022"]
[Source "ChessBase"]
[SourceDate "2021.10.06"]
[SourceVersion "1"]
[SourceVersionDate "2021.10.06"]
[SourceQuality "1"]

1. e4 g6 2. d4 Bg7 3. Bc4 d6 4. Nf3 Nf6 5. Nc3 c6 6. Bb3 b5 7. a3 Bb7 8. 0-0 a6 9. Re1 0-0 10. Be3 d5 11. e5 Ng4 12. Bf4 f6 13. exf6 exf6 14. Ne4 Nd7 15. Nd6 Bc8 16. Qd2 g5 17. Bg3 Nb6 18. Re2 Nh6 19. Rae1 Nf5 20. Nxf5 Bxf5 21. Re7 Nc8 22. R7e2 Bg4 23. c3 Nd6 24. Bc2 Ne4 25. Qd3 f5 26. Bb1 Ra7 27. Be5 Bh6 28. Ba2 f4 29. a4 Bf5 30. Qd1 g4 0-1

[Event "Tampere We TammerSh B"]
[Site "Tampere"]
[Date "2018.04.01"]
[Round "3"]
[White "Kivimaki, Kasper"]
[Black "Jaakkola, Konsta"]
[Result "1-0"]
[WhiteElo "1763"]
[BlackElo "1885"]
[PlyCount "65"]
[EventDate "2018.03.31"]
[EventType "swiss"]
[EventRounds "4"]
[EventCountry "FIN"]
[SourceTitle "EXT 2022"]
[Source "ChessBase"]
[SourceDate "2021.10.06"]
[SourceVersion "1"]
[SourceVersionDate "2021.10.06"]
[SourceQuality "1"]

1. e4 c5 2. Nf3 Nc6 3. d4 cxd4 4. Nxd4 g6 5. c4 Nf6 6. Nc3 d6 7. Be2 Nxd4 8. Qxd4 Bg7 9. Be3 0-0 10. Qd3 Ng4 11. Bxg4 Bxg4 12. 0-0 Rc8 13. Rac1 Be6 14. b3 f5 15. exf5 Rxf5 16. Qe4 Bd7 17. Qxb7 Bc6 18. Qxa7 Ra8 19. Qb6 Qd7 20. a4 Raf8 21. Ne2 Rh5 22. Ng3 Bxg2 23. Nxh5 Bxf1 24. Kxf1 gxh5 25. Qb5 Qh3+ 26. Ke2 Qxh2 27. Qg5 Rf7 28. Qg3 Qxg3 29. fxg3 e6 30. a5 Rb7 31. a6 Rxb3 32. a7 Ra3 33. Rb1 1-0

[Event "Helsinki MatSK Weekend"]
[Site "Helsinki"]
[Date "2018.02.25"]
[Round "6"]
[White "Lindholm, Jere"]
[Black "Kivimaki, Kasper"]
[Result "1-0"]
[WhiteElo "2073"]
[BlackElo "1883"]
[PlyCount "51"]
[EventDate "2018.02.23"]
[EventType "swiss"]
[EventRounds "7"]
[EventCountry "FIN"]
[SourceTitle "EXT 2019"]
[Source "ChessBase"]
[SourceDate "2018.10.10"]
[SourceVersion "1"]
[SourceVersionDate "2018.10.10"]
[SourceQuality "1"]

1. e4 c6 2. d4 d5 3. e5 c5 4. dxc5 Nc6 5. Nf3 Bg4 6. Bb5 e6 7. Be3 Nge7 8. c3 Nf5 9. Bd4 Nfxd4 10. cxd4 Bxf3 11. Qxf3 Qa5+ 12. Nc3 Qb4 13. Qd3 f6 14. exf6 gxf6 15. 0-0 0-0-0 16. Bxc6 bxc6 17. Rfe1 Kd7 18. Qa6 Rc8 19. Rad1 Rc7 20. Qe2 e5 21. Qg4+ Kd8 22. Qe6 Be7 23. dxe5 fxe5 24. Rxe5 Qb7 25. Nxd5 cxd5 26. Rexd5+ 1-0

[Event "Nordic-ch U20"]
[Site "Heinola"]
[Date "2018.02.11"]
[Round "6"]
[White "Nass, Sara"]
[Black "Kivimaki, Kasper"]
[Result "1-0"]
[WhiteElo "1966"]
[BlackElo "1738"]
[PlyCount "91"]
[EventDate "2018.02.09"]
[EventType "swiss"]
[EventRounds "6"]
[EventCountry "FIN"]
[SourceTitle "EXT 2019"]
[Source "ChessBase"]
[SourceDate "2018.10.10"]
[SourceVersion "1"]
[SourceVersionDate "2018.10.10"]
[SourceQuality "1"]

1. e4 c6 2. d4 d5 3. Nc3 dxe4 4. Nxe4 Bf5 5. Ng3 Bg6 6. Nf3 Nd7 7. h4 h6 8. h5 Bh7 9. Bd3 Bxd3 10. Qxd3 e6 11. Bf4 Qa5+ 12. Bd2 Qc7 13. 0-0-0 Ngf6 14. Ne4 Nxe4 15. Qxe4 Nf6 16. Qe2 0-0-0 17. g3 c5 18. Bf4 Bd6 19. Bxd6 Rxd6 20. dxc5 Rc6 21. b4 Nd5 22. Qc4 Qe7 23. a4 Kb8 24. Nd4 Rc7 25. Qb3 a6 26. c4 Nf6 27. c6 e5 28. Rhe1 Nxh5 29. f4 f6 30. b5 axb5 31. axb5 b6 32. Rd2 Qf7 33. fxe5 fxe5 34. Nf3 Nf6 35. Nxe5 Qh5 36. Qe3 Ka8 37. Ra2+ Ra7 38. Rxa7+ Kxa7 39. Qa3+ Kb8 40. Qa6 Qg5+ 41. Kb1 Qf5+ 42. Ka1 Kc7 43. Qa7+ Kd6 44. Nf7+ Kc5 45. Qa3+ Kd4 46. Qe3+ 1-0